000 00712nam a2200253Ia 4500
003 OSt
005 20221005092839.0
006 a|||||r|||| 00| 0
007 ta
008 221004b |||||||| |||| 00| 0 eng d
020 _a0312090102
024 _a18706
037 _cTextual
040 _aCRL
_cCRL
_beng
041 _2eng
_aeng
082 _aV41:1942(zM).N41<--N31, N3
100 _aSun Youli
_9617828
245 0 _aChina and the origins of the pacific war, 1931-1941
260 _aNew York
_bSt. Martin's Press USA
_c1993
300 _a244 p.
_ccm.
650 _aCHINA - HISTORY
942 _hV41:1942(zM).N41<--N31, N3
_cTEXL
_2cc
999 _c999447
_d999447